Statistics for Countries Of The World With A Different Type of Empty Map

Click here to take the quiz!

General Stats

  • This quiz has been taken 126 times
  • The average score is 160 of 196

Answers on the Map

Answers color-coded by a green-red scale on the quiz's map according to % correct below.
 

Answer Stats

Country% Correct
United States
95%
Canada
94%
Mexico
92%
Bahamas
90%
Cuba
90%
United Kingdom
90%
Australia
89%
Brazil
89%
Chile
89%
Denmark
89%
Iceland
89%
Ireland
89%
Peru
89%
Russia
89%
China
87%
France
87%
Italy
87%
Afghanistan
86%
Argentina
86%
Austria
86%
Costa Rica
86%
Haiti
86%
India
86%
Indonesia
86%
Iran
86%
Japan
86%
Netherlands
86%
New Zealand
86%
Panama
86%
Poland
86%
Portugal
86%
Saudi Arabia
86%
Spain
86%
Sweden
86%
Yemen
86%
Algeria
85%
Bolivia
85%
Colombia
85%
Dominican Republic
85%
Egypt
85%
Finland
85%
Germany
85%
Greece
85%
Guatemala
85%
Honduras
85%
Hungary
85%
Jamaica
85%
Madagascar
85%
Malta
85%
Nepal
85%
Nicaragua
85%
North Korea
85%
Norway
85%
Papua New Guinea
85%
Paraguay
85%
Philippines
85%
South Africa
85%
South Korea
85%
Sri Lanka
85%
Turkey
85%
Uruguay
85%
Venezuela
85%
Bangladesh
84%
Belgium
84%
Chad
84%
Ecuador
84%
Iraq
84%
Mongolia
84%
Myanmar
84%
Oman
84%
Pakistan
84%
Sudan
84%
Taiwan
84%
Ukraine
84%
United Arab Emirates
84%
Vietnam
84%
Barbados
83%
Belarus
83%
Belize
83%
Cambodia
83%
Croatia
83%
Czech Republic
83%
Dominica
83%
Estonia
83%
Ethiopia
83%
Fiji
83%
Jordan
83%
Kazakhstan
83%
Kenya
83%
Laos
83%
Latvia
83%
Libya
83%
Lithuania
83%
Luxembourg
83%
Morocco
83%
Niger
83%
Slovakia
83%
Slovenia
83%
Somalia
83%
South Sudan
83%
Suriname
83%
Syria
83%
Albania
82%
Andorra
82%
Angola
82%
Azerbaijan
82%
Bhutan
82%
Bosnia and
Herzegovina
82%
Bulgaria
82%
Cyprus
82%
Guyana
82%
Malaysia
82%
Nigeria
82%
Qatar
82%
Switzerland
82%
Thailand
82%
Tunisia
82%
Uzbekistan
82%
Vatican City
82%
Zimbabwe
82%
Armenia
80%
Botswana
80%
Central African Republic
80%
Democratic Republic
of the Congo
80%
Kiribati
80%
Kosovo
80%
Lesotho
80%
Mali
80%
Mozambique
80%
Republic of the Congo
80%
Serbia
80%
El Salvador
79%
Federated States of
Micronesia
79%
Georgia
79%
Guinea
79%
Israel
79%
Maldives
79%
Moldova
79%
Monaco
79%
North Macedonia
79%
Romania
79%
Seychelles
79%
Singapore
79%
Tajikistan
79%
Togo
79%
Bahrain
78%
Benin
78%
Ivory Coast
78%
Kuwait
78%
Kyrgyzstan
78%
Lebanon
78%
Marshall Islands
78%
Mauritius
78%
Rwanda
78%
Saint Kitts and Nevis
78%
Saint Lucia
78%
Saint Vincent and the
Grenadines
78%
Solomon Islands
78%
Tonga
78%
Turkmenistan
78%
Uganda
78%
Antigua and Barbuda
77%
Cameroon
77%
Djibouti
77%
Ghana
77%
Montenegro
77%
Namibia
77%
Palau
77%
San Marino
77%
Trinidad and Tobago
77%
Zambia
77%
Eritrea
76%
Eswatini
76%
Guinea-Bissau
76%
Mauritania
76%
Nauru
76%
Samoa
76%
São Tomé and Príncipe
76%
Senegal
76%
Tanzania
76%
Vanuatu
76%
Burundi
75%
Equatorial Guinea
75%
Gabon
75%
Tuvalu
75%
Burkina Faso
74%
Comoros
74%
East Timor
74%
Liechtenstein
74%
Malawi
74%
Sierra Leone
74%
Brunei
72%
Grenada
72%
Liberia
72%
Cape Verde
71%
Gambia
70%

Score Distribution

Percentile by Number Answered

Percent of People with Each Score

Your Score History

You have not taken this quiz